A sketch of the history of Ohio /

Bibliographic Details
Main Author: Chase, Salmon P. (Salmon Portland), 1808-1873
Format: Microform Book
Language:English
Published: Cincinnati : Corey and Fairbank, 1833.
Subjects:

MARC

Tag First Indicator Second Indicator Subfields
LEADER 00000cam a2200000 a 4500
001 in00000096536
005 20150923174146.0
007 he bm| ba||
008 771215r1833 kyu b 00010 eng d
035 |a (OCoLC)03493478 
035 |9 AAK8664AM 
040 |a DLC  |c RRR  |d RRR  |d TXA  |d UtOrBLW 
043 |a n-us-oh 
049 |a TXAI 
082 0 |a 976.1 
099 |a fiche  |a C  |a 4416 
100 1 |a Chase, Salmon P.  |q (Salmon Portland),  |d 1808-1873. 
245 1 2 |a A sketch of the history of Ohio /  |c by Salmon P. Chase. 
264 1 |a Cincinnati :  |b Corey and Fairbank,  |c 1833. 
300 |a 40 pages ;  |c 26 cm. 
336 |a text  |b txt  |2 rdacontent 
337 |a microform  |b h  |2 rdamedia 
338 |a microfiche  |b he  |2 rdacarrier 
500 |a Reissue of "Preliminary sketches of the Ohio" from Chase's edition of "The statutes of Ohio", 1833, volume 1, pages 9-48. 
500 |a "Sabin : 12198." 
500 |a "Copied from the original in the Library of Congress." 
533 |a Microfiche.  |b Louisville, [Ky.] :  |c Lost Cause Press,  |d 1977.  |e 2 microfiches : negative ; 11 x 15 cm.  |f ([Bibliotheca Americana. Selected Americana. Microfiche ed. / J. Sabin]) (Fiche book) 
500 |a Microform. 
651 0 |a Ohio  |x History. 
999 |a MARS 
999 f f |s 0012497c-5905-3342-a73e-a44a2f446f25  |i b804261d-dcb0-3914-9579-ab775a1c6599  |t 0 
952 f f |p normal  |a Texas A&M University  |b College Station  |c Sterling C. Evans Library  |d Evans: Microforms (3rd floor)  |t 0  |e fiche C 4416  |h Other scheme  |i microform -- microfiche  |m A14821691376 
998 f f |a fiche C 4416  |t 0  |l Evans: Microforms (3rd floor)